Thomas Smith and Another as Trustees for Ballantyne Property Services v Norman Lawrence and Others (Record no. 81505)

MARC details
000 -LEADER
fixed length control field 01063cad a22001935a 4500
001 - CONTROL NUMBER
control field E147356
008 - FIXED-LENGTH DATA ELEMENTS--GENERAL INFORMATION
fixed length control field 090501e20090303xxk 000 0 eng d
035 ## - SYSTEM CONTROL NUMBER
System control number (Sirsi) u147356
041 0# - LANGUAGE CODE
Language code of text/sound track or separate title eng
245 00 - TITLE STATEMENT
Title Thomas Smith and Another as Trustees for Ballantyne Property Services v Norman Lawrence and Others
Remainder of title opinion
Medium [electronic resource]
260 ## - PUBLICATION, DISTRIBUTION, ETC.
Date of publication, distribution, etc. 2008
520 ## - SUMMARY, ETC.
Summary, etc. LTS/TC/2008/18 3 March 2009. Concerned an application by the owners of a house in a modern housing estate to vary a title condition prohibiting occupation of the house by more than one family at a time, as they wished to let the house to students. The respondents opposed the application. "Held": application refused.
650 24 - SUBJECT ADDED ENTRY--TOPICAL TERM
Topical term or geographic name entry element THOMAS SMITH AND ANOR V NORMAN LAWRENCE AND OTHERS
650 24 - SUBJECT ADDED ENTRY--TOPICAL TERM
Topical term or geographic name entry element TITLE CONDITIONS (SCOTLAND) ACT 2003
651 #4 - SUBJECT ADDED ENTRY--GEOGRAPHIC NAME
Geographic name Scotland
Chronological subdivision 1999-
690 ## - LOCAL SUBJECT ADDED ENTRY--TOPICAL TERM (OCLC, RLIN)
Topical term or geographic name as entry element Planning and development
9 (RLIN) 6259
856 40 - ELECTRONIC LOCATION AND ACCESS
Uniform Resource Identifier <a href="https://www.lands-tribunal-scotland.org.uk/decisions/LTS.TC.2008.18.html">https://www.lands-tribunal-scotland.org.uk/decisions/LTS.TC.2008.18.html</a>
Public note View the decision free of charge at www.lands-tribunal-scotland.org.uk...
942 ## - ADDED ENTRY ELEMENTS (KOHA)
Suppress in OPAC 0
Holdings
Withdrawn status Lost status Source of classification or shelving scheme Damaged status Not for loan Home library Current library Shelving location Date acquired Total Checkouts Full call number Barcode Date last seen Copy number Price effective from Koha item type
    Dewey Decimal Classification     Virtual Virtual Online 01/05/2009   ONLINE PUBLICATION 147356-2001 06/08/2019 1 06/08/2019 Law report